000 00515nam a2200217Ia 4500
003 OSt
005 20221005124126.0
006 a|||||r|||| 00| 0
007 ta
008 221004b |||||||| |||| 00| 0 eng d
024 _a53416
037 _cTextual
040 _aCRL
_cCRL
_beng
041 _2eng
_aeng
082 _aR5, H5
245 0 _aMeaning and purpose of art or the making of life
260 _c1945
650 _aPHILOSOPHY
942 _hR5, H5
_cTEXL
_2cc
999 _c1049548
_d1049548